000238542 001__ 238542
000238542 005__ 20210924173036.0
000238542 0247_ $$2BMBF$$aG:(BMBF)01DN13026$$d01DN13026
000238542 0247_ $$2I:(DE-588)1065079516$$aG:(Dimensions)grant.7934493$$dgrant.7934493
000238542 035__ $$aG:(BMBF)01DN13026
000238542 150__ $$aSPARSEDIFF - Schnelle Diffusions-MRT basierend auf dünnbesetzter Akquisition und Rekonstruktion$$y2013-04-01 - 2015-03-31
000238542 5101_ $$0I:(DE-588b)5309538-8$$aFederal Ministry of Education and Research$$bBMBF
000238542 909CO $$ooai:juser.fz-juelich.de:893565$$pauthority$$pauthority:GRANT
000238542 909CO $$ooai:juser.fz-juelich.de:893565
000238542 980__ $$aG
000238542 980__ $$aAUTHORITY